| 000 | 00910nam a2200217 i 4500 | ||
|---|---|---|---|
| 001 | 166798 | ||
| 003 | ES-MaACL | ||
| 005 | 20251129063054.0 | ||
| 008 | 940206s1890 sp g |||| | spa d | ||
| 100 | 1 |
_aUriarte, Eustoquio de, _d1863-1900 _9165105 |
|
| 245 | 1 | 0 |
_aTratado teórico-práctico de canto gregoriano _b: según la verdadera tradición / _cpor el P. Eustoquio de Uriarte de la Orden de San Agustín. |
| 260 |
_aMadrid : _b[s.n.], _c1890 ( _fImp. Luis Aguado) |
||
| 300 |
_aXI, 216, [4] p. ; _c22 cm. |
||
| 530 | _aDisponible en formato digital. | ||
| 650 | 4 |
_aCanto gregoriano. _910754 |
|
| 700 | 1 |
_aAguado, Luis. _9125557 |
|
| 752 |
_aEspaña - _dMadrid |
||
| 852 |
_aES-MaACL _jG-11455 _z. - Dedicatoria autógrafa del autor _q- Ejemp. falto de cub. post. |
||
| 856 |
_uhttp://bdh-rd.bne.es/viewer.vm?id=0000084503&page=1 _zBiblioteca Digital Hispánica |
||
| 999 |
_c166798 _d166798 |
||